01145nam a22001697a 4500003000400000005001700004008004100021082004800062100001600110245001400126250001300140260004200153300002100195490003100216520071200247700001600959OSt20260410104321.0260410b |||||||| |||| 00| 0 eng d 29780399154232a9780399154232b9780399154232 a Robin Cook aCritical  a1edicion aNueva YorkbG.P. Putnam's Sonsc 2007 a464 págc16x23 3Cartón prensado rígido aLa doctora Laurie Montgomery investiga una serie de muertes extrañas por infecciones de estafilococo. Los fallecimientos ocurren en hospitales privados pertenecientes a una misma corporación médica. A medida que Laurie profundiza, descubre una conspiración que prioriza las ganancias sobre la vida. Su esposo, el patólogo Jack Stapleton, también se ve involucrado mientras lidia con problemas personales. La trama expone el peligro de las bacterias resistentes a los antibióticos en entornos clínicos. Intereses financieros intentan ocultar el brote para no dañar sus acciones en la bolsa. La investigación se convierte en una carrera contra el tiempo antes de que Laurie sea silenciada. a Robin Cook